| 000 | 00381 a2200169 4500 | ||
|---|---|---|---|
| 001 | 71628 | ||
| 020 | _a8508020562 | ||
| 040 | _cAnchieta - Colégio São Paulo | ||
| 100 | _aJunqueira, Sônia | ||
| 240 | 1 | 0 |
_aO barulho fantasma _lpor |
| 245 | 1 | 0 | _aO barulho fantasma |
| 300 | _a24 | ||
| 362 | 0 | _a1985 | |
| 440 | 1 | _aÁtica | |
| 650 | 4 | _aLiteratura infanto-juvenil | |
| 942 | _cBK | ||
| 999 |
_c71628 _d71628 |
||